| 000 | 00434nam a2200157 i 4500 | ||
|---|---|---|---|
| 001 | 95700 | ||
| 003 | ES-MaACL | ||
| 005 | 20230906181746.0 | ||
| 007 | t| | ||
| 008 | 050602s1958 sp ||||1| spa d | ||
| 100 | 1 |
_aLlorens Borrás, José A. _972888 |
|
| 245 | 1 | 0 |
_aCrímenes de guerra / _cJosé Antonio Llorens Borras. |
| 260 |
_aBarcelona : _bAcerve, _c1958. |
||
| 300 |
_a199 p. ; _c22 cm. |
||
| 852 |
_aES-MaACL _jC-15411 _bR.42995 |
||
| 999 |
_c95700 _d95700 |
||